000 00337nam a22001217a 4500
082 _a330 GOP
100 _aState Bank of Pakistan
245 _aDemands for grants and appropriations
_cGovernment of Pakistan
260 _aIslamabad
_bFinance Division Government of Pakistan
_c2004
300 _a377p
563 _aP.B
942 _2ddc
_cBK
999 _c588883
_d588883